000 00634nam a2200205Ia 4500
003 OSt
005 20250612114640.0
008 210210b1971 xxu||||| |||| 00| 0 eng d
040 _cAL
041 _aKannada
082 _aK894.9 GOKV
100 _aGOKAK (Vi Kra)
_dವಿನಾಯಕ ಕೃಷ್ಣ ಗೋಕಾಕ
_9214544
245 _aVishva manava drashti
_bವಿಶ್ವ ಮಾನವ ದೃಷ್ಟಿ
260 _aMaisuru
_bSuruchi Prakashana
_c1971
300 _aviii,145
650 _aSarvajna Basaveshvara Ravindra Aravinda
_9214545
690 _aKannada Criticism
_9214546
906 _aSG02508
942 _2ddc
_cBK
999 _c113773
_d113773